000 00691nam a2200289Ia 4500
005 20260324124841.0
008 008 260324s9999 xx 000 0 eng d
020 _a9781003086376
037 _aEBOOK
040 _aCRL
040 _beng
040 _cCRL
041 _2eng
041 _aeng
084 _qCRL
100 _aD. Ann Herring; Alan C. Swedlund
_91175729
245 0 _aPlagues and Epidemics
245 0 _bInfected Spaces Past and Present
260 _bTaylor and Francis
260 _c2010
365 _a
365 _b230
856 _uhttp://www.taylorfrancis.com/books/9781003086376
942 _cEBOOK
999 _c1770488
_d1770488